000 00822nam a2200241Ia 4500
001 21748
005 20260320113309.0
008 260320s9999||||xx |||||||||||||| ||und||
041 _aESP
082 _a624.15136
_bA47
100 _aAlva Hurtado, Jorge E.,
_eAUT
245 0 _aIngeniería geotécnica :
_btrabajos de campo, laboratorio y estudios
246 _a
_5
_b
260 _aLima :
_bUniversidad Nacional de Ingeniería,
_c[2020?]
300 _a223 páginas :
_bcuadros, tablas, gráficos ;
_c30 cm.
_e
440 _a
_n
_v
650 _aTCA
653 _aIngeniería geotecnia; Mesclas de concreto; Compactación de suelos
654 _aCIC
700 _a
_c
856 _uhttps://ebooks-editorialmacro-com.ucsp.lookproxy.com/library
_zVéase además: Base de datos Macro Digital
942 _cLIB
_dJUS
_fMAT
_2ddc
_n
999 _c21748
_d21748